Statistics for US States With Double Letters

Click here to take the quiz!

General Stats

  • This quiz has been taken 103 times
  • The average score is 8 of 9

Answer Stats

letterstate% Correct
S PMississippi
100%
N S ETennessee
98%
LIllinois
96%
IHawaii
90%
NMinnesota
89%
SMissouri
89%
S TMassachusetts
86%
NPennsylvania
82%
NConnecticut
77%

Score Distribution

Percentile by Number Answered

Percent of People with Each Score

Your Score History

You have not taken this quiz